Border Crossing (Periodic Table Version) - Statistics

General Stats
  • This quiz has been taken 292 times
  • The average score is 21 of 30
Answer Stats
Start From Direction Answer % Correct
Helium Down Neon
98%
Fluorine Down Chlorine
92%
Potassium Up Sodium
92%
Sulphur Up Oxygen
91%
Beryllium Down Magnesium
90%
Oxygen Left Nitrogen
90%
Krypton Up Argon
89%
Boron Right Carbon
88%
Phosphorus Left Silicon
85%
Calcium Down Strontium
80%
Platinum Right Gold
78%
Tin Right Antimony
77%
Gallium Left Zinc
77%
Einsteinium Left Californium
65%
Molybdenum Up Chromium
65%
Nickel Down Palladium
65%
Tungsten Left Tantalum
64%
Americium Right Curium
63%
Vanadium Down Niobium
63%
Thallium Right Lead
61%
Mendelevium Right Nobelium
61%
Seaborgium Left Dubnium
60%
Indium Up Gallium
60%
Rhodium Up Cobalt
59%
Protactinium Left Thorium
58%
Manganese Down Technetium
57%
Rutherfordium Up Hafnium
56%
Dysprosium Right Holmium
55%
Roentgenium Up Gold
54%
Thulium Down Mendelevium
47%
No matching quizzes found
Score Distribution
Percent of People with Each Score
Percentile by Number Answered
Your Score History
You have not taken this quiz